Zákon o reklame
Pokračovanie príspevku zákona o reklame. Zákonná úprava reklamy liekov. Reklama na dojčenecké prípravky. Orgány dozoru nad dodržiavaním zákona o reklame.
Saved in:
| Main Author: | |
|---|---|
| Format: | Book Chapter |
| Language: | Slovak |
| Subjects: | |
| Tags: |
No Tags, Be the first to tag this record!
|
MARC
| LEADER | 00000naa a2200000 4500 | ||
|---|---|---|---|
| 001 | r043407 | ||
| 005 | 20231002123044.4 | ||
| 041 | 0 | |a slo | |
| 044 | |a SK | ||
| 245 | 1 | 0 | |a Zákon o reklame |c Jozef Vozár |
| 520 | |a Pokračovanie príspevku zákona o reklame. Zákonná úprava reklamy liekov. Reklama na dojčenecké prípravky. Orgány dozoru nad dodržiavaním zákona o reklame. | ||
| 610 | 2 | 0 | |a reklama |
| 610 | 2 | 0 | |a zákony |
| 610 | 2 | 0 | |a novelizácia |
| 610 | 2 | 0 | |a Slovensko |
| 610 | 2 | 0 | |a liečivá |
| 100 | 1 | |a Vozár, Jozef | |